• 首页
  • 本馆介绍
  • 公告通知
  • 最新文献
  • 馆藏检索
  • 电子资源
  • 读者导购
  • 参考咨询
  • 我的图书馆
  • 登录
  • 详细信息显示
  • 放入我的书架
  • 预约/预借图书
  • 作者相关作品
  • 分类相关作品
  • 丛书相关作品
  • 出版社相关作品

书目信息

  • 表格格式
  • 工作单格式
  • 卡片格式
书名: Trashing the planet
作者: Dixy Lee Ray and Lou Guzzo
分册号:
分册名:
出版地: Washington, D.C. :
 
出版社: Regnery Gateway
出版时间: c1990.
页数: x11, 206 p. ;
开本: 23 cm.
丛书名:
中图分类号:
科图分类号:
其他分类号: X-1
主题词:
电子资源:
000 01266nam 2200325 a 4500
001 E0754140693
005 20070517150811.37
008 00110 eng
008 uu
010    @a90008344
020    @a0-06-097490-7 :@cUSD18.95.
040    @aDLC @cDLC @dDLC
049    @aN5LA
050 00 @aTD174 @b.R39 1990
082 00 @a363.73 @220
090    @a2-91/X-1/R26/////////1024393
090    @aX-1
096    @aX-1 @v2
099    @dX-1@ex26
100 10 @aRay, Dixy Lee.
245 10 @aTrashing the planet :@bhow science can help us deal with acid rain, depletion of the ozone, and nuclear waste (among other things) / @cDixy Lee Ray and Lou Guzzo
260 0  @aWashington, D.C. :@bRegnery Gateway ;@aLanham, MD :@bDistributed by National Book Network,@cc1990.
300    @ax11, 206 p. ;@c23 cm.
504    @aIncludes bibliographical references (p. 173-198) and index.
650  0 @aEnvironmental protection.
650  0 @aCommunication in science.
650  0 @aPollution.
650  0 @aHuman ecology.
650  0 @aMass media and the environment.
700 10 @aGuzzo, Louis R., @d1919- @b00 @c20020930 @lNLC09 @h2250 @b00 @c20021020 @lNLC09 @h1715 @b00 @c20021021 @lNLC09 @h0808 @lNLC09 @h2350 @lNLC09 @h1942 @b00 @c20030716 @lNLC09 @h0601
    
    Trashing the planet : : how science can help us deal with acid rain, depletion of the ozone, and nuclear waste (among other things) / / Dixy Lee Ray and Lou Guzzo.-Washington, D.C. : : Regnery Gateway ; ; Lanham, MD : : Distributed by National Book Network, , c1990.
    x11, 206 p. ; ; 23 cm.
    Includes bibliographical references (p. 173-198) and index.
    
    ISBN 0-06-097490-7 :USD18.95.
    
●
相关链接 在E读中查询图书 在五车中查询图书 在当当中查询图书 在豆瓣中查询图书


正题名:Trashing the planet     索取号:X-1/x26         预约/预借

序号 登录号 条形码 馆藏地/架位号 状态 备注
1 0010123   300101235   第二样本阅览室/ [索取号:X-1/x26] 在馆    
2 0010124   300101244   第四借阅区/ [索取号:X-1/x26] 在馆    
3 0010125   300101253   密集书库/ [索取号:X-1/x26] 在馆    
4 0010126   300101262   第四借阅区/ [索取号:X-1/x26] 在馆    
5 0010127   300101271   密集书库/ [索取号:X-1/x26] 在馆    
唐山师范学院图书馆 欢迎您!
大连网信软件有限公司© 版权所有